台北故事

資料類型: Book 圖書   書目號:53518

Leader xxxxxxxxxx
001 __ PCLIS00053518
005 __ 20220119143907.0
010 0_ |a978-986-95456-2-4|b平裝|dNT$330
042 __ |anbim
100 __ |a20191030d2018    m  y0chiy09      e
101 0_ |achi
102 __ |atw
105 __ |aa   z   000ay
200 1_ |a台北故事|f台北人著
205 __ |a初版
210 __ |a臺北市|c鏡文學|d2018[民107]
215 0_ |a[301]面|c|d21公分|e1冊小冊子
225 1_ |a鏡小說|v2
517 1_ |a臺北故事|zchi
700 _0 |a台北人|4681 __ |a857.7|b8669
801 _0 |atw|bLibDipper|c20191030|gCCR
801 _1 |atw|b內湖高中|c20191105|gCCR
801 _2 |atw|b內湖高中|c20220119|gCCR
詳細館藏(共 1 筆)
索 書 號登 錄 號冊次號館別 / 館藏地流通類型狀態加入預約清單電子資源
857.7 / 8669 1026174  圖書館 / 一樓普通區 可外借30天 在館   

| 條列資料




目錄查詢 分類查詢 個人資料 圖書薦購 新書查詢 閉館日 排行榜 更多電子資源 Hami書城 線上資料庫 登出

From : 216.73.217.87

  本日流通累計至 08:44:18 借閱 : 4 次 續借 : 0 次 歸還 : 4 次 預約 : 0 次 電子資源 : 0 次


內湖高中圖書館  PCLIS 版本  26.5.0.12